| 000 | 00675nam a2200169Ia 4500 | ||
|---|---|---|---|
| 003 | GCL | ||
| 008 | 140319s9999 xx 000 0 ara d | ||
| 040 |
_aGCL / _cGCL |
||
| 082 | 0 | 4 |
_aق _b953.086 _bح ص |
| 100 | 1 | _aحامد زيان غانم زيان | |
| 245 | 1 | 0 |
_aصفحة من تاريخ الخلافة العباسية فى ظل دولة المماليك (الخليفة المستعين باللة العباسى سلطان الديار المصرية) / _cحامد زيان غانم زيان |
| 300 | _a61 ص | ||
| 490 | _a | ||
| 650 | 0 | 4 | _aالمستعين باللة العباسى |
| 650 | 0 | 4 | _aمصر - تاريخ - العصر الاسلامى |
| 942 |
_2ddc _cBK |
||
| 999 |
_c39342 _d39342 |
||